000 00421nam a22001577a 4500
005 20250729124246.0
008 250729b |||||||| |||| 00| 0 eng d
020 _a9780521821568
_qhbk
041 _aeng
082 _a508.092
_bDAR
100 _a Erasmus Darwin
245 _a Collected Letters Of Erasmus Darwin
_c Erasmus Darwin
260 _bCambridge University Press
700 _a Erasmus Darwin
942 _cREF
999 _c577905
_d577905